000 00292nam a22001097a 4500
008 160423b xxu||||| |||| 00| 0 eng d
020 _a0838588409
041 _aeng
080 _a618.2
245 _aTechnological fundations in nursing:
_cJanet Beth McCann Flynn; Ritva Hackel;
942 _2udc
_cBK
999 _c1541
_d1541